[Event "Bavaria Donaucup 2017"]
[Site "Regensburg"]
[Date "2017.05.24"]
[Round "1.1"]
[White "Luetkemeyer, Arnd"]
[Black "Hendriks, Willy"]
[Result "0-1"]
[WhiteElo "1844"]
[BlackElo "2385"]
[PlyCount "60"]
[EventDate "2017.??.??"]
[WhiteTeam "MSA Zugzwang"]
[BlackTeam "SG Bochum"]

1. e4 c5 2. c4 Nc6 3. Nc3 g6 4. g3 Bg7 5. Bg2 d6 6. Nge2 h5 7. h3 Bd7 8. d3 a6
9. Rb1 b5 10. O-O Nf6 11. f4 Qc8 12. Nd5 Bxh3 13. f5 Bxg2 14. Kxg2 Ra7 15. cxb5
axb5 16. Qb3 O-O 17. a3 Ne5 18. Nxf6+ Bxf6 19. Qxb5 Qa8 20. Qb3 c4 21. Qa2 cxd3
22. Nc3 Rc7 23. Nd5 Rc2+ 24. Rf2 Ng4 25. Rxc2 dxc2 26. fxg6 cxb1=Q 27. Qxb1
fxg6 28. Nc7 Qa7 29. Qc2 Be5 30. Qc4+ Kh7 0-1

[Event "Bavaria Donaucup 2017"]
[Site "Regensburg"]
[Date "2017.05.24"]
[Round "1.2"]
[White "Loos, Roland"]
[Black "Bruell, Martin"]
[Result "1-0"]
[WhiteElo "2373"]
[BlackElo "1835"]
[PlyCount "49"]
[EventDate "2017.??.??"]
[WhiteTeam "Post Regensburg"]
[BlackTeam "SC Bav Regensburg"]

1. e4 c5 2. Nf3 d6 3. d4 cxd4 4. Nxd4 Nf6 5. Nc3 a6 6. f4 Nbd7 7. Bd3 e5 8. Nf3
Be7 9. O-O O-O 10. Kh1 b5 11. Qe1 Bb7 12. a3 Nh5 13. fxe5 Nxe5 14. Nxe5 dxe5
15. Nd5 Bd6 16. c4 Bxd5 17. cxd5 Nf4 18. Bb1 Rc8 19. Bd2 f5 20. exf5 Nxd5 21.
Ba2 Rc4 22. Bxc4 bxc4 23. Rd1 Re8 24. Ba5 Nc7 25. Qd2 1-0

[Event "Bavaria Donaucup 2017"]
[Site "Regensburg"]
[Date "2017.05.24"]
[Round "1.3"]
[White "Liess, Alexander"]
[Black "Schmid, Roland"]
[Result "0-1"]
[WhiteElo "1811"]
[BlackElo "2200"]
[PlyCount "76"]
[EventDate "2017.??.??"]
[WhiteTeam "SC Bav Regensburg"]
[BlackTeam "Post Regensburg"]

1. Nf3 d5 2. g3 Nf6 3. Bg2 c6 4. O-O Bg4 5. h3 Bh5 6. d3 Nbd7 7. Nbd2 e5 8. e4
dxe4 9. Nxe4 Be7 10. Bd2 Qc7 11. Bc3 O-O-O 12. a4 Nd5 13. Qd2 f5 14. Neg5 Qd6
15. Nh2 h6 16. Ngf3 Bf6 17. Qe1 Rhe8 18. Nd2 Nxc3 19. bxc3 e4 20. d4 Bf7 21.
Qe3 Bg5 22. Qe2 e3 23. Nc4 exf2+ 24. Rxf2 Bxc4 25. Qxc4 Be3 26. Qe2 Qxg3 27.
Qf3 Qxf2+ 28. Qxf2 Bxf2+ 29. Kxf2 Nf6 30. a5 a6 31. Nf1 f4 32. Nd2 Re3 33. Ra3
Nd5 34. Ne4 Kc7 35. Nc5 Nxc3 36. Rxc3 Rxc3 37. Ne6+ Kc8 38. Nxd8 Rxc2+ 0-1

[Event "Bavaria Donaucup 2017"]
[Site "Regensburg"]
[Date "2017.05.24"]
[Round "1.4"]
[White "Oberhofer, Cedric"]
[Black "Sammet, Dominik"]
[Result "1-0"]
[WhiteElo "2167"]
[BlackElo "1803"]
[PlyCount "53"]
[EventDate "2017.??.??"]
[WhiteTeam "SC Bav Regensburg"]
[BlackTeam "SC Bav Regensburg"]

1. d4 Nf6 2. c4 c5 3. d5 e6 4. g3 exd5 5. cxd5 d6 6. Nc3 g6 7. Bg2 Bg7 8. Nf3
O-O 9. O-O Re8 10. Bf4 a6 11. a4 Nh5 12. Bg5 Qb6 13. Qc2 Bf5 14. e4 Bxc3 15.
Qxc3 Rxe4 16. Nh4 Re5 17. Nxf5 Rxf5 18. Bh6 Re5 19. g4 Nf6 20. f4 Nxg4 21. fxe5
Nxh6 22. e6 fxe6 23. Qf6 Nf5 24. Qxe6+ Kg7 25. Rxf5 gxf5 26. Qe7+ Kh8 27. Qf8#
1-0

[Event "Bavaria Donaucup 2017"]
[Site "Regensburg"]
[Date "2017.05.24"]
[Round "1.5"]
[White "Landstorfer, Raphael"]
[Black "Goldbeck, Lars"]
[Result "0-1"]
[WhiteElo "1799"]
[BlackElo "2107"]
[PlyCount "108"]
[EventDate "2017.??.??"]
[WhiteTeam "TSV Kar-Lappersdorf"]
[BlackTeam "SC Vaterstetten"]

1. e4 c5 2. Nc3 Nc6 3. g3 g6 4. Bg2 Bg7 5. d3 d6 6. f4 e6 7. Nf3 Nge7 8. O-O
O-O 9. Ne2 f5 10. c3 b6 11. e5 Ba6 12. Ng5 Qd7 13. Qb3 d5 14. Rd1 h6 15. Nf3
Rac8 16. Be3 Rfd8 17. Qa4 Bb7 18. Qa3 Bf8 19. d4 Na5 20. b3 Ba6 21. Rd2 cxd4
22. cxd4 Nec6 23. Qb2 Bb4 24. Rdd1 Qe7 25. Nc1 Ba3 26. Qf2 Nb4 27. Bf1 Bxf1 28.
Rxf1 Rc2 29. Qe1 Rdc8 30. Bd2 Nac6 31. Rf2 Bxc1 32. Bxc1 Nd3 33. Rxc2 Nxe1 34.
Nxe1 Qd7 35. Bb2 Nb4 36. Rxc8+ Qxc8 37. Rc1 Qd7 38. a3 Nc6 39. Nf3 Kf7 40. Kf2
Ke7 41. Bc3 Kd8 42. Ke3 Kc7 43. Bb4 Kb7 44. Bd6 Ka6 45. a4 b5 46. axb5+ Kxb5
47. h4 Qb7 48. Ne1 Qa6 49. Bc7 Qb7 50. Bd6 Na5 51. Rc7 Qb6 52. Rc5+ Ka6 53. Nd3
Qxb3 54. Bc7 Nc4+ 0-1

[Event "Bavaria Donaucup 2017"]
[Site "Regensburg"]
[Date "2017.05.24"]
[Round "1.6"]
[White "Tassell, Pierre"]
[Black "Erhard, Walter sen"]
[Result "1-0"]
[WhiteElo "2049"]
[BlackElo "1319"]
[PlyCount "65"]
[EventDate "2017.??.??"]
[WhiteTeam "SC Bav Regensburg"]
[BlackTeam "SC Bav Regensburg"]

1. d4 Nf6 2. c4 g6 3. Nc3 Bg7 4. e4 d6 5. Nf3 O-O 6. Be2 c5 7. O-O cxd4 8. Nxd4
Nc6 9. Be3 Bd7 10. f3 a6 11. Qd2 Rc8 12. Rfc1 Qa5 13. a3 Ne5 14. Nd5 Qd8 15. b4
Nc6 16. Rab1 Ne8 17. Nxc6 Bxc6 18. Nb6 Rb8 19. b5 axb5 20. cxb5 Bd7 21. Nxd7
Qxd7 22. b6 Rc8 23. Bb5 Rxc1+ 24. Qxc1 Qd8 25. Qc4 Nf6 26. Qc7 Qa8 27. a4 Rc8
28. Qxe7 Ne8 29. Rc1 Bf6 30. Rxc8 Qxc8 31. Qxe8+ Qxe8 32. Bxe8 Kf8 33. Bd7 1-0

[Event "Bavaria Donaucup 2017"]
[Site "Regensburg"]
[Date "2017.05.24"]
[Round "1.7"]
[White "Jobst, Thomas"]
[Black "Kanewski, Josef"]
[Result "1/2-1/2"]
[WhiteElo "1756"]
[BlackElo "2034"]
[PlyCount "76"]
[EventDate "2017.??.??"]
[WhiteTeam "vereinlos"]
[BlackTeam "SC Bav Regensburg"]

1. c4 f5 2. Nc3 Nf6 3. g3 d6 4. Bg2 g6 5. d3 Bg7 6. e4 c6 7. Nge2 e5 8. O-O O-O
9. h3 Qe7 10. Be3 Be6 11. Rc1 Nbd7 12. b3 Rad8 13. Qd2 Nb6 14. Bg5 Qd7 15. Kh2
d5 16. exd5 cxd5 17. c5 d4 18. cxb6 dxc3 19. Qxc3 e4 20. dxe4 Ng4+ 21. hxg4
Bxc3 22. Bxd8 Qxd8 23. Nxc3 Qxb6 24. Nd5 Bxd5 25. exd5 fxg4 26. Rc2 h5 27. Re2
Kg7 28. Re6 Qd4 29. Kg1 h4 30. Re4 Qc5 31. Rxg4 hxg3 32. Rxg3 Rf6 33. Bf3 Qc2
34. Re1 Qxa2 35. Re7+ Rf7 36. Re6 Qxb3 37. Rexg6+ Kf8 38. Kg2 Qb2 1/2-1/2

[Event "Bavaria Donaucup 2017"]
[Site "Regensburg"]
[Date "2017.05.24"]
[Round "1.8"]
[White "Plank, Michael"]
[Black "Hessler, Markus"]
[Result "1-0"]
[WhiteElo "2030"]
[BlackElo "1750"]
[PlyCount "51"]
[EventDate "2017.??.??"]
[WhiteTeam "TSV Nittenau"]
[BlackTeam "SF Roding"]

1. e4 e6 2. d4 d5 3. Nd2 Nf6 4. e5 Nfd7 5. Bd3 c5 6. c3 Nc6 7. Ngf3 Qb6 8. O-O
g6 9. Re1 Bg7 10. a3 O-O 11. Qa4 a6 12. Nf1 Qc7 13. b4 c4 14. Bb1 b5 15. Qc2
Nb6 16. Ng3 a5 17. Ra2 axb4 18. axb4 Bb7 19. Bg5 Ne7 20. Rxa8 Bxa8 21. Nh5 Nf5
22. g4 Nh6 23. Nxg7 Kxg7 24. Bf6+ Kg8 25. h3 Nd7 26. Qd2 1-0

[Event "Bavaria Donaucup 2017"]
[Site "Regensburg"]
[Date "2017.05.24"]
[Round "1.9"]
[White "Ott, Ian"]
[Black "Burkhardt, Holger"]
[Result "1/2-1/2"]
[WhiteElo "1747"]
[BlackElo "2015"]
[PlyCount "87"]
[EventDate "2017.??.??"]
[WhiteTeam "SC Bav Regensburg"]
[BlackTeam "SK Gießen"]

1. e4 Nc6 2. d4 e5 3. Nf3 exd4 4. Nxd4 Bb4+ 5. c3 Bc5 6. Be3 Qf6 7. Be2 Nge7 8.
O-O O-O 9. Nxc6 Qxc6 10. Bxc5 Qxc5 11. Nd2 d6 12. Rc1 a5 13. a3 a4 14. Bc4 Ng6
15. Ba2 Ne5 16. h3 Be6 17. Bxe6 fxe6 18. Qe2 Rf6 19. Kh1 Raf8 20. f3 Ng6 21.
Qc4 Qxc4 22. Nxc4 e5 23. Ne3 Nf4 24. Rfd1 Ra8 25. Nd5 Nxd5 26. Rxd5 c6 27. Rd2
Kf7 28. Rcd1 Ke7 29. Kg1 Rd8 30. Kf2 Ke6 31. c4 c5 32. Ke3 Kd7 33. Kd3 Kc6 34.
Kc3 Rb8 35. b4 axb3 36. Rb1 g5 37. Rxb3 Ra8 38. Rdb2 Ra7 39. Rb6+ Kc7 40. a4
Rf8 41. R6b5 h5 42. Kd3 Rb8 43. a5 h4 44. Kc3 1/2-1/2

[Event "Bavaria Donaucup 2017"]
[Site "Regensburg"]
[Date "2017.05.24"]
[Round "1.10"]
[White "Uphoff, Lennart"]
[Black "Blanter, Sofya"]
[Result "1/2-1/2"]
[WhiteElo "2004"]
[BlackElo "1746"]
[PlyCount "72"]
[EventDate "2017.??.??"]
[WhiteTeam "FC Mintraching"]
[BlackTeam "SC Bav Regensburg"]

1. d4 d5 2. c4 c6 3. Nf3 Nf6 4. Nc3 dxc4 5. a4 Bf5 6. Ne5 e6 7. f3 Bb4 8. e4
Bg6 9. Bxc4 O-O 10. Be3 Nbd7 11. Nd3 Ba5 12. O-O Qe7 13. Kh1 h6 14. Rb1 Bb6 15.
Qe2 Rad8 16. b4 a5 17. Rfc1 axb4 18. Rxb4 Nd5 19. Bxd5 exd5 20. Nc5 Bxc5 21.
dxc5 Nxc5 22. Nxd5 Rxd5 23. exd5 Nd3 24. d6 Qxd6 25. Rxb7 Nxc1 26. Bxc1 Rd8 27.
Be3 c5 28. Rb2 Qd1+ 29. Qxd1 Rxd1+ 30. Bg1 c4 31. Rb8+ Kh7 32. Rc8 Bd3 33. a5
Ra1 34. Rc5 Bf1 35. Bf2 Be2+ 36. Bg1 c3 1/2-1/2

[Event "Bavaria Donaucup 2017"]
[Site "Regensburg"]
[Date "2017.05.24"]
[Round "1.11"]
[White "Klausmann, Leonard"]
[Black "Kangas, Lauri"]
[Result "1/2-1/2"]
[WhiteElo "1696"]
[BlackElo "1999"]
[PlyCount "79"]
[EventDate "2017.??.??"]
[WhiteTeam "TSV Kareth-Lappersdorf"]
[BlackTeam "Pässi"]

1. e4 e6 2. d4 d5 3. exd5 exd5 4. Bd3 c5 5. c3 Nc6 6. Na3 cxd4 7. Qe2+ Be6 8.
Nb5 dxc3 9. Nxc3 Bb4 10. Bd2 Nf6 11. Nf3 O-O 12. O-O h6 13. h3 Re8 14. Qd1 a6
15. Ne2 Bxd2 16. Nxd2 Qd7 17. Nb3 Bxh3 18. gxh3 Qxh3 19. Nf4 Qh4 20. Ng2 Qg5
21. f4 Qg3 22. Qf3 Qxf3 23. Rxf3 Nb4 24. Bf1 Rac8 25. a3 Nc6 26. Rd1 Ne7 27.
Nd4 Rc7 28. Bd3 g6 29. Ne3 Rec8 30. Rff1 Ne4 31. Bxe4 dxe4 32. f5 Rc5 33. fxg6
Rg5+ 34. Kf2 fxg6 35. Ne6 Rb5 36. Rd2 Nf5 37. Nxf5 Rxf5+ 38. Ke2 Rxf1 39. Kxf1
Rc6 40. Nd8 1/2-1/2

[Event "Bavaria Donaucup 2017"]
[Site "Regensburg"]
[Date "2017.05.24"]
[Round "1.12"]
[White "Bunk, Wolfgang"]
[Black "Oberhofer, Marie"]
[Result "1/2-1/2"]
[WhiteElo "1987"]
[BlackElo "1676"]
[PlyCount "97"]
[EventDate "2017.??.??"]
[WhiteTeam "SC Bav Regensburg"]
[BlackTeam "SC Bav Regensburg"]

1. d4 Nf6 2. c4 c5 3. d5 e6 4. Nc3 exd5 5. cxd5 d6 6. e4 g6 7. f3 Bg7 8. Bg5
O-O 9. Qd2 a6 10. a4 Re8 11. a5 Nbd7 12. Nh3 Qc7 13. Be2 b6 14. axb6 Nxb6 15.
Nf2 Nfd7 16. Rc1 Ne5 17. Ncd1 f5 18. O-O Nf7 19. Be3 Qb7 20. Qa5 fxe4 21. fxe4
Nd7 22. Rc2 Qb3 23. Qd2 a5 24. Nc3 Ba6 25. Ra1 Bxe2 26. Qxe2 Nde5 27. Ra3 Qb7
28. Na4 Nd7 29. Kh1 Nf6 30. Qc4 Ne5 31. Qb3 Reb8 32. Qxb7 Rxb7 33. Bc1 Neg4 34.
Nxg4 Nxg4 35. g3 Rb4 36. Re2 Bd4 37. Bd2 Rb7 38. Bc3 Bxc3 39. Nxc3 Ne5 40. Nd1
Rb4 41. Kg2 Nc4 42. Rc3 Rab8 43. Rcc2 Ne5 44. Re3 Rb3 45. Rcc3 R3b4 46. Rc2 Rb3
47. Rcc3 R3b4 48. Rc2 Rb3 49. Rcc3 1/2-1/2

[Event "Bavaria Donaucup 2017"]
[Site "Regensburg"]
[Date "2017.05.24"]
[Round "1.13"]
[White "Brassat, Juergen"]
[Black "Disterheft, David"]
[Result "1/2-1/2"]
[WhiteElo "1662"]
[BlackElo "1972"]
[PlyCount "75"]
[EventDate "2017.??.??"]
[WhiteTeam "DJK Regensburg N"]
[BlackTeam "SC Bav Regensburg"]

1. d4 Nf6 2. c4 g6 3. Nf3 Bg7 4. g3 O-O 5. Bg2 d6 6. O-O Nbd7 7. Nc3 e5 8. e4
a6 9. h3 Rb8 10. Rb1 exd4 11. Nxd4 Ne5 12. b3 c5 13. Nde2 b5 14. cxb5 axb5 15.
Be3 b4 16. Na4 Ba6 17. Nb2 Qe7 18. Qc2 Rfe8 19. Rfd1 Ned7 20. Nf4 Bb7 21. Nd5
Nxd5 22. exd5 Nb6 23. Nc4 Bc8 24. Rbc1 Bf5 25. Qd2 Nxc4 26. Rxc4 Bc3 27. Rxc3
bxc3 28. Qxc3 Qe5 29. Qd2 Be4 30. Bf4 Qf6 31. Bg5 Qf5 32. g4 Qe5 33. Bf4 Qf6
34. Bg5 Qe5 35. Bf4 Qf6 36. Bg5 Qg7 37. Bh6 Qh8 38. f3 1/2-1/2

[Event "Bavaria Donaucup 2017"]
[Site "Regensburg"]
[Date "2017.05.24"]
[Round "1.14"]
[White "Paajala, Niki"]
[Black "Brack, Andre"]
[Result "1/2-1/2"]
[WhiteElo "1946"]
[BlackElo "1635"]
[PlyCount "178"]
[EventDate "2017.??.??"]
[WhiteTeam "Pässi"]
[BlackTeam "Regensburg RT"]

1. e4 c5 2. Nc3 d6 3. g3 b6 4. d3 e6 5. f4 Bb7 6. Nf3 Nd7 7. Bg2 a6 8. Ne2 Qc7
9. c3 Ngf6 10. O-O Be7 11. h3 e5 12. c4 b5 13. b3 b4 14. g4 h5 15. g5 Nxe4 16.
dxe4 Bxe4 17. Ng3 Bc6 18. Nf5 Bf8 19. Qc2 O-O-O 20. a3 g6 21. N5h4 e4 22. Ne1
Bg7 23. Bb2 Bxb2 24. Qxb2 a5 25. axb4 axb4 26. Nc2 Nb6 27. Ne3 d5 28. cxd5 Nxd5
29. Nxd5 Bxd5 30. Rac1 Rhe8 31. Qc2 Kb7 32. Qxc5 Qxc5+ 33. Rxc5 Kb6 34. Rc2 Rc8
35. Rfc1 Rxc2 36. Rxc2 Ra8 37. f5 Ra1+ 38. Kh2 Bxb3 39. Rb2 e3 40. Rxb3 e2 41.
Nf3 Kc5 42. Re3 Ra2 43. fxg6 fxg6 44. Ne1 Kd4 45. Rd3+ Ke5 46. Kg1 Kf4 47. Rb3
Kxg5 48. Rxb4 Ra3 49. Kf2 Ra2 50. Rb5+ Kf6 51. Bf3 Ra3 52. Rc5 g5 53. Kxe2 Ra2+
54. Nc2 g4 55. hxg4 hxg4 56. Bxg4 Rb2 57. Ke3 Rb3+ 58. Kf4 Rb6 59. Ne3 Rb4+ 60.
Nc4 Rb1 61. Rc6+ Ke7 62. Nd2 Rb4+ 63. Ne4 Rb7 64. Ke5 Rb5+ 65. Nc5 Kf7 66. Be6+
Kg7 67. Kf5 Rb1 68. Rc7+ Kh6 69. Kf6 Rb6 70. Ne4 Rb8 71. Ng5 Rf8+ 72. Bf7 Rc8
73. Ne6 Rxc7 74. Nxc7 Kh7 75. Nd5 Kh6 76. Nf4 Kh7 77. Ng6 Kh6 78. Ne5 Kh7 79.
Bg6+ Kg8 80. Nf7 Kf8 81. Bh7 Ke8 82. Bf5 Kf8 83. Ne5 Kg8 84. Ng6 Kh7 85. Be6
Kh6 86. Ne5 Kh7 87. Nf7 Kg8 88. Bf5 Kf8 89. Nh6 Ke8 1/2-1/2

[Event "Bavaria Donaucup 2017"]
[Site "Regensburg"]
[Date "2017.05.24"]
[Round "1.15"]
[White "Thamm, Felix"]
[Black "Mock, Markus"]
[Result "1/2-1/2"]
[WhiteElo "1619"]
[BlackElo "1946"]
[PlyCount "81"]
[EventDate "2017.??.??"]
[WhiteTeam "Post Regensburg"]
[BlackTeam "FC Ergolding"]

1. e4 c5 2. Nf3 Nc6 3. d4 cxd4 4. Nxd4 e5 5. Nb5 d6 6. Be3 a6 7. N5c3 Nf6 8. f3
Be6 9. Nd5 Bxd5 10. exd5 Qa5+ 11. Nc3 Nb4 12. Bc4 Rc8 13. Bb3 Rxc3 14. bxc3
Nbxd5 15. Qd3 Qxc3+ 16. Qxc3 Nxc3 17. Bd2 Ncd5 18. O-O-O Be7 19. c4 Nc7 20. Bb4
Kd7 21. Bxd6 Bxd6 22. c5 Nfe8 23. Bxf7 Ke7 24. cxd6+ Nxd6 25. Bb3 Ncb5 26. Kb2
Rf8 27. a4 Nd4 28. Rhe1 Nxb3 29. Kxb3 Ke6 30. Rc1 Rf4 31. Rc5 Nf7 32. Rc7 b5
33. Rc6+ Kd5 34. Rxa6 bxa4+ 35. Rxa4 Rxa4 36. Kxa4 Nd6 37. Kb4 Nf5 38. Re4 g5
39. Kb5 h5 40. Kb6 g4 41. Ra4 1/2-1/2

[Event "Bavaria Donaucup 2017"]
[Site "Regensburg"]
[Date "2017.05.24"]
[Round "1.16"]
[White "Riedl, Maximilian"]
[Black "Krupke, Hardi"]
[Result "1/2-1/2"]
[WhiteElo "1945"]
[BlackElo "1602"]
[PlyCount "141"]
[EventDate "2017.??.??"]
[WhiteTeam "SC Furth Waldm."]
[BlackTeam "SG Neumünster"]

1. e4 e6 2. d3 d5 3. Nd2 c6 4. Ngf3 Bd6 5. e5 Bc5 6. d4 Bb6 7. Bd3 c5 8. c3 Nc6
9. Bb5 a6 10. Bxc6+ bxc6 11. O-O cxd4 12. Nxd4 Ne7 13. Qg4 O-O 14. N2f3 c5 15.
Nb3 f6 16. Be3 c4 17. Nbd4 Bxd4 18. Bxd4 f5 19. Qg5 Rb8 20. Rfb1 Nc6 21. Qxd8
Rxd8 22. b4 cxb3 23. Rxb3 Rd7 24. Rxb8 Nxb8 25. Rb1 Rb7 26. Rxb7 Bxb7 27. Ng5
Bc8 28. f4 h6 29. Nf3 a5 30. h3 Nc6 31. Kf2 Ba6 32. a3 Kf7 33. Bc5 Bd3 34. g3
Be4 35. Nd2 g5 36. Bb6 a4 37. Bc5 Na5 38. Nf1 Nc4 39. Bd6 Kg6 40. Bb4 Kh5 41.
g4+ Kh4 42. gxf5 Bxf5 43. Be7 Bxh3 44. Nh2 Bg4 45. Nf1 Bh3 46. Ne3 Nxe3 47.
Kxe3 Kg4 48. fxg5 hxg5 49. Bf6 Bf1 50. Kf2 Bc4 51. Ke3 Kf5 52. Bg7 g4 53. Bf6
Bf1 54. Kf2 Bd3 55. Kg3 Be2 56. Bg7 Ke4 57. Bf8 Kxe5 58. Kf2 Bf3 59. Ke3 Bd1
60. Bh6 Kf5 61. Bf4 e5 62. Bg3 Bb3 63. Bh2 e4 64. Bg3 Ke6 65. Kd4 Kd7 66. Bf4
Kc6 67. Bg3 Kb5 68. Bf2 Ba2 69. Be3 g3 70. Bg1 Kc6 71. Ke5 1/2-1/2

[Event "Bavaria Donaucup 2017"]
[Site "Regensburg"]
[Date "2017.05.24"]
[Round "1.17"]
[White "Glaser, Max"]
[Black "Dechant, Georg"]
[Result "0-1"]
[WhiteElo "1590"]
[BlackElo "1933"]
[PlyCount "92"]
[EventDate "2017.??.??"]
[WhiteTeam "SC Furth Waldm."]
[BlackTeam "SC Bav Regensburg"]

1. e4 c5 2. Nf3 Nc6 3. d4 cxd4 4. Nxd4 Qc7 5. Nc3 e6 6. Be3 a6 7. Qd2 Nf6 8.
O-O-O Bb4 9. f3 O-O 10. Kb1 d5 11. exd5 Bxc3 12. Qxc3 Nxd5 13. Qd2 Nxe3 14.
Qxe3 Rd8 15. Be2 Bd7 16. Nxc6 Bxc6 17. g3 Bd5 18. Rhe1 Rac8 19. Bd3 b5 20. Qe2
Qc5 21. b3 Qb4 22. Be4 Bc4 23. Rxd8+ Rxd8 24. Rd1 Bd5 25. Bxd5 exd5 26. Qe4 d4
27. Re1 g6 28. Qe7 Qxe7 29. Rxe7 d3 30. cxd3 Rxd3 31. f4 Rd2 32. Ra7 Rxh2 33.
Rxa6 Rg2 34. Rb6 Rxg3 35. Rxb5 h5 36. f5 h4 37. Rb4 g5 38. Rb8+ Kg7 39. f6+
Kxf6 40. Rh8 h3 41. b4 g4 42. b5 Re3 43. b6 g3 44. b7 g2 45. Rg8 h2 46. b8=Q
g1=Q+ 0-1

[Event "Bavaria Donaucup 2017"]
[Site "Regensburg"]
[Date "2017.05.24"]
[Round "1.18"]
[White "Brunner, Tobias"]
[Black "Banellis, Lukas"]
[Result "0-1"]
[WhiteElo "1920"]
[BlackElo "1588"]
[PlyCount "76"]
[EventDate "2017.??.??"]
[WhiteTeam "TSV Nittenau"]
[BlackTeam "SF Roding"]

1. e4 e5 2. Nf3 Nc6 3. Bc4 Nf6 4. d3 h6 5. Nc3 Bc5 6. h3 d6 7. Be3 Bxe3 8. fxe3
Be6 9. Bb3 O-O 10. O-O Bxb3 11. axb3 Nd7 12. Nh2 Ne7 13. Qg4 Kh8 14. Rf2 Nf6
15. Qg3 Nh7 16. Raf1 f6 17. Nf3 c6 18. Nh4 Qd7 19. d4 Ng5 20. Nf5 Nxf5 21. Rxf5
b5 22. Qg4 Qe7 23. h4 Ne6 24. d5 b4 25. Ne2 cxd5 26. exd5 Nc7 27. Qf3 a5 28. g4
Qf7 29. e4 Ne8 30. g5 g6 31. Rxf6 Nxf6 32. gxf6 Rac8 33. Qd3 Qd7 34. Rf2 Rf7
35. Qg3 Kh7 36. c4 Rcf8 37. c5 Rxf6 38. c6 Qa7 0-1

[Event "Bavaria Donaucup 2017"]
[Site "Regensburg"]
[Date "2017.05.24"]
[Round "1.19"]
[White "Winter, Reinhold"]
[Black "Fuchs, Stefan"]
[Result "0-1"]
[WhiteElo "1567"]
[BlackElo "1913"]
[PlyCount "74"]
[EventDate "2017.??.??"]
[WhiteTeam "SF Neuenkirchen"]
[BlackTeam "SC Bav Regensburg"]

1. c4 Nf6 2. d4 e6 3. Nc3 d5 4. g3 c5 5. cxd5 Nxd5 6. Bg2 Nc6 7. Nxd5 exd5 8.
dxc5 Be6 9. e3 Bxc5 10. Ne2 O-O 11. O-O Qd7 12. b3 Rad8 13. Bb2 Rfe8 14. Rc1
Bb6 15. Nd4 Bg4 16. Qd3 Ne5 17. Qb1 Bxd4 18. Bxd4 Nf3+ 19. Kh1 Nd2 20. Qb2 Nxf1
21. Rxf1 f6 22. Bxa7 Qf5 23. f3 Bh3 24. g4 Bxg2+ 25. Qxg2 Qd3 26. h4 Ra8 27.
Bd4 Rxa2 28. Qxa2 Qxf1+ 29. Kh2 Qxf3 30. g5 fxg5 31. hxg5 Qh5+ 32. Kg1 Qxg5+
33. Qg2 Qxg2+ 34. Kxg2 Re4 35. Kf3 Rxd4 36. exd4 Kf7 37. Kf4 Kf6 0-1

[Event "Bavaria Donaucup 2017"]
[Site "Regensburg"]
[Date "2017.05.24"]
[Round "1.20"]
[White "Warnk, Torsten"]
[Black "Kestler, Martin"]
[Result "1-0"]
[WhiteElo "1909"]
[BlackElo "1546"]
[PlyCount "99"]
[EventDate "2017.??.??"]
[WhiteTeam "SG Bensheim"]
[BlackTeam "SC Bav Regensburg"]

1. d4 d5 2. Nf3 Nf6 3. Bf4 Bf5 4. e3 e6 5. Be2 Bd6 6. Bg5 Nbd7 7. O-O h6 8. Bh4
O-O 9. c4 Bxb1 10. Rxb1 c6 11. c5 Be7 12. b4 Ne4 13. Bxe7 Qxe7 14. Qc2 e5 15.
Bd3 Nef6 16. dxe5 Nxe5 17. Nxe5 Qxe5 18. h3 a6 19. a4 Rfe8 20. Qb2 Qxb2 21.
Rxb2 Ne4 22. Rc1 Kf8 23. b5 axb5 24. axb5 Rec8 25. Bxe4 dxe4 26. Rc4 f5 27. Rd4
cxb5 28. Rxb5 Rc7 29. Rd5 Rf7 30. Rd6 Rc8 31. Kh2 Rcc7 32. Kg3 Kg8 33. h4 Rc6
34. Kf4 Rxd6 35. cxd6 Rd7 36. Ke5 Kf7 37. Kxf5 Rxd6 38. Rxb7+ Kg8 39. Kxe4 Re6+
40. Kf3 Rf6+ 41. Ke2 Kh7 42. f4 h5 43. Kf3 Rc6 44. f5 Rc1 45. g3 Kg8 46. e4
Rf1+ 47. Ke3 Re1+ 48. Kf4 Rf1+ 49. Kg5 Rg1 50. Rb3 1-0

[Event "Bavaria Donaucup 2017"]
[Site "Regensburg"]
[Date "2017.05.24"]
[Round "1.21"]
[White "Zeitler, Juergen"]
[Black "Krupke, Sven"]
[Result "0-1"]
[WhiteElo "1439"]
[BlackElo "1903"]
[PlyCount "44"]
[EventDate "2017.??.??"]
[WhiteTeam "DJK Amberg"]
[BlackTeam "SF Rosenheim"]

1. e4 c5 2. Nf3 d6 3. d4 cxd4 4. Nxd4 g6 5. Be3 Bg7 6. Nc3 Nf6 7. Be2 Nc6 8.
Qd2 O-O 9. O-O-O Ng4 10. Nxc6 bxc6 11. Bd4 Bh6 12. f4 e5 13. Bxg4 Bxg4 14. Be3
Bxd1 15. Rxd1 Qh4 16. g3 Qh3 17. Qxd6 Qxh2 18. Qxe5 Qxg3 19. Bd2 Rad8 20. Ne2
Qf2 21. Nc3 Rxd2 22. Rxd2 Bxf4 0-1

[Event "Bavaria Donaucup 2017"]
[Site "Regensburg"]
[Date "2017.05.24"]
[Round "1.22"]
[White "Haselbeck, Franz"]
[Black "Kutschera, Reinhardt"]
[Result "1-0"]
[WhiteElo "1895"]
[BlackElo "1392"]
[PlyCount "67"]
[EventDate "2017.??.??"]
[WhiteTeam "SV Deggendorf"]
[BlackTeam "DJK-Regensburg Nord"]

1. Nf3 Nf6 2. g3 g6 3. Bg2 Bg7 4. O-O O-O 5. d3 d5 6. Nbd2 c6 7. e4 dxe4 8.
dxe4 Bg4 9. h3 Bxf3 10. Bxf3 Nbd7 11. Qe2 Ne5 12. Bg2 Nh5 13. Kh2 Qb6 14. f4
Nd7 15. e5 Bh6 16. Nc4 Qc7 17. g4 Ng7 18. g5 Bxg5 19. fxg5 Nf5 20. Rxf5 gxf5
21. Bf4 f6 22. gxf6 Nxf6 23. Rf1 Nd5 24. Bxd5+ cxd5 25. Qg2+ Kh8 26. e6 Qxc4
27. Be5+ Rf6 28. Rg1 Qf4+ 29. Bxf4 Rg6 30. Be5+ Kg8 31. Qxd5 Rc8 32. Rxg6+ hxg6
33. Bc3 Rf8 34. Qd7 1-0

[Event "Bavaria Donaucup 2017"]
[Site "Regensburg"]
[Date "2017.05.24"]
[Round "1.23"]
[White "Boehm, Tobias"]
[Black "Brack, Johannes"]
[Result "0-1"]
[WhiteElo "1340"]
[BlackElo "1889"]
[PlyCount "74"]
[EventDate "2017.??.??"]
[WhiteTeam "Post Regensburg"]
[BlackTeam "Regensburg RT"]

1. d4 Nf6 2. Nf3 g6 3. Bf4 Bg7 4. e3 O-O 5. Bd3 d6 6. c3 Nc6 7. Bc2 Bg4 8. Nbd2
e5 9. Bg3 Qe8 10. O-O e4 11. Ba4 exf3 12. gxf3 Bh5 13. Qb3 Qc8 14. Bb5 Qe6 15.
Bc4 Qf5 16. Qxb7 Bxf3 17. Nxf3 Qxf3 18. Qxc7 Rac8 19. Qxd6 Ne4 20. Bd5 Rfd8 21.
Bxe4 Qxe4 22. Qf4 Qc2 23. Rab1 Rb8 24. Rfc1 Qa4 25. a3 Rb3 26. Qe4 Na5 27. Rc2
Nc4 28. Qe7 Re8 29. Qc7 h5 30. Bd6 Rb7 31. Qxb7 Qxc2 32. Rf1 Nxd6 33. Qd7 Bf8
34. Qxa7 Qe2 35. h3 Qf3 36. Kh2 Nf5 37. Qc7 Bd6+ 0-1

[Event "Bavaria Donaucup 2017"]
[Site "Regensburg"]
[Date "2017.05.24"]
[Round "1.24"]
[White "Noeckler, Alexander"]
[Black "Ganchev, Rostislav"]
[Result "1-0"]
[WhiteElo "1854"]
[BlackElo "1261"]
[PlyCount "41"]
[EventDate "2017.??.??"]
[WhiteTeam "SK Weiden"]
[BlackTeam "SC Bav Regensburg"]

1. c4 c5 2. Nc3 Nf6 3. g3 g6 4. Bg2 Bg7 5. e4 Nc6 6. Nge2 e5 7. O-O O-O 8. d3
a6 9. h3 Rb8 10. Be3 Nd4 11. Qd2 Re8 12. f4 Nxe2+ 13. Qxe2 exf4 14. Bxf4 Ra8
15. Qd2 d6 16. Bg5 Be6 17. g4 Rb8 18. Qf4 Qd7 19. Bxf6 Bxf6 20. Qxf6 h5 21. Nd5
1-0

[Event "Bavaria Donaucup 2017"]
[Site "Regensburg"]
[Date "2017.05.26"]
[Round "2.1"]
[White "Hendriks, Willy"]
[Black "Warnk, Torsten"]
[Result "1-0"]
[WhiteElo "2385"]
[BlackElo "1909"]
[PlyCount "95"]
[EventDate "2017.??.??"]
[WhiteTeam "SG Bochum"]
[BlackTeam "SG Bensheim"]

1. g3 g6 2. Bg2 Bg7 3. e4 e5 4. d3 d6 5. Nh3 Ne7 6. O-O O-O 7. f4 f5 8. Nc3
Nbc6 9. Be3 Be6 10. Ng5 Bd7 11. Qd2 h6 12. Nf3 Kh7 13. Rae1 fxe4 14. dxe4 Qc8
15. fxe5 Nxe5 16. Nxe5 dxe5 17. Bc5 Rxf1+ 18. Rxf1 Ng8 19. Nd5 b6 20. Bb4 c6
21. Ne3 Be6 22. Qd6 c5 23. Bc3 Qd7 24. Qxd7 Bxd7 25. Rf7 Be6 26. Rb7 Kh8 27. a4
Bf6 28. Bf1 Bc8 29. Rc7 Be6 30. Bc4 Bxc4 31. Nxc4 Re8 32. Rxa7 Ne7 33. Nxb6 Nc6
34. Rc7 Re6 35. Nd5 Bg5 36. Kf2 Kg8 37. Ke2 Bd8 38. Rd7 Kf8 39. Kd3 Ke8 40. Rh7
h5 41. Kc4 Nd4 42. Bxd4 cxd4 43. b4 Rc6+ 44. Kd3 Bg5 45. a5 Kd8 46. b5 Rc5 47.
a6 Rxb5 48. a7 1-0